000 00690nam a2200289Ia 4500
005 20260324145335.0
008 008 260324s9999 xx 000 0 eng d
020 _a9781003352921
037 _aEBOOK
040 _aCRL
040 _beng
040 _cCRL
041 _2eng
041 _aeng
084 _qCRL
100 _aBruce Galloway
_91222611
245 0 _aPrejudice and Pride
245 0 _bDiscrimination against gay people in modern Britain
260 _bTaylor and Francis
260 _c1983
365 _a
365 _b145
856 _uhttp://www.taylorfrancis.com/books/9781003352921
942 _cEBOOK
999 _c1830387
_d1830387